| 000 | 00645nam a2200121Ia 4500 | ||
|---|---|---|---|
| 008 | 220615s9999||||xx |||||||||||||| ||und|| | ||
| 100 | _aKelly, Ashley Scott||Lu, Xiaoxuan | ||
| 245 | 0 | _aCritical Landscape Planning during the Belt and Road Initiative | |
| 546 | _aEnglish[eng] | ||
| 650 | _acritical landscape planning||transdisciplinary design||Belt and Road Initiative||landscape ecology||critical cartography||China-Laos Railway||Greater Mekong Subregion||transnational infrastructure||development studies||Golden Triangle||Open Access | ||
| 856 | _uhttps://library.oapen.org/bitstream/20.500.12657/51004/1/978-981-16-4067-4.pdf | ||
| 942 | _cEB | ||
| 999 |
_c10470 _d10470 |
||